Rastres / Antoni Abad ; textos, Montse Sampietro ; presentació, José Luis Brea
Descripción Física:
63 : principalment il. ; 18 cm
Colección:
QUAM ; 5
MARC
| LEADER | 00000nam a2200000Ia 4500 | ||
|---|---|---|---|
| 001 | 10449 | ||
| 008 | 160829s1994 xx 000 0 cat d | ||
| 080 | |a B-1-232 | ||
| 100 | |a Abad, Antoni |9 34889 | ||
| 245 | |a Rastres / Antoni Abad ; textos, Montse Sampietro ; presentació, José Luis Brea | ||
| 260 | |a Barcelona : |b Diputació de Barcelona. Servei de Cultura. Oficina del Pla Jove, |c 1994 | ||
| 300 | |a 63 : |b principalment il. ; |c 18 cm | ||
| 490 | |a QUAM ; 5 | ||
| 590 | |a Quinzena d'Art de Montesquiu, 1992 | ||
| 650 | |a Art modern |x S. XX |9 26505 | ||
| 650 | |a Art |x Congressos |9 21991 | ||
| 700 | |a Sampietro, Montse |9 34890 | ||
| 700 | |a Brea, José Luis |9 34891 | ||
| 710 | 1 | |a Barcelona (Catalunya : Província). |b Oficina del Pla Jove |9 52707 | |
| 901 | |a Arxiu | ||
| 942 | |n 1 | ||
| 952 | |0 0 |1 0 |4 0 |6 B1232 |7 1 |9 46686 |a Arxiu |b Arxiu |d 2016-12-01 |l 0 |o B-1-232 |p 10449 |r 2016-12-01 00:00:00 |w 2016-12-01 |y ARXIU | ||
| 999 | |c 50479 |d 50479 | ||